00267nam a2200097Ia 4500008004100000020001800041100002800059245002600087260003800113300001800151180323s9999 xx 000 0 und d a9789712368172 aLopez-Mariano, Norma Dy aElements of finance / aQuezon City :b2014cREX printing aix, 294 pages